Köszönetnyilvánítás

Elmentve itt :
Bibliográfiai részletek
Dokumentumtípus: Cikk
Megjelent: 1924-03-16
Sorozat:Délmagyarország 5 No. 64
Kulcsszavak:Pártos Sándor, Köszönetnyilvánítás Szeged 1924, Szeged
Online Access:http://dmarchiv.bibl.u-szeged.hu/37342
LEADER 00439nab a2200145 i 4500
001 delm37342
005 20180927112932.0
008 180927s1924 hu o 0|| hun d
040 |a SZTE Délmagyarország Archívum  |b hun 
041 |a hun 
245 0 0 |a Köszönetnyilvánítás  |h [elektronikus dokumentum] 
260 |c 1924-03-16 
300 |a 8 
490 0 |a Délmagyarország  |v 5 No. 64 
695 |a Pártos Sándor, Köszönetnyilvánítás Szeged 1924, Szeged